000 00633nam a2200277Ia 4500
005 20260324135846.0
008 008 260324s9999 xx 000 0 eng d
020 _a9781315788067
037 _aEBOOK
040 _aCRL
040 _beng
040 _cCRL
041 _2eng
041 _aeng
084 _qCRL
100 _aGemma Jones; Bere Miesen
_91202189
245 0 _aDementia in Close-Up
260 _bTaylor and Francis
260 _c1999
365 _a
365 _b120
856 _uhttp://www.taylorfrancis.com/books/9781315788067
942 _cEBOOK
999 _c1803694
_d1803694